Научная и инновационная деятельность регионов Сибирского Федерального округа (1999-2003 гг.): статистический сборник

Opis bibliograficzny
Korporacja: Томская область Комитет государственной статистики (Томскстат)
Kolejni autorzy: Касинский С. В. (редактор)
Język:rosyjski
Wydane: Томск, Томскоблкомстат, 2004
Hasła przedmiotowe:
Format: Książka
KOHA link:https://koha.lib.tpu.ru/cgi-bin/koha/opac-detail.pl?biblionumber=71631

MARC

LEADER 00000nam0a2200000 4500
001 71631
005 20231031082802.0
035 |a (RuTPU)RU\TPU\book\76347 
090 |a 71631 
100 |a 20041222d2004 k y0rusy50 ca 
101 0 |a rus 
102 |a RU 
105 |a y i 000zy 
200 1 |a Научная и инновационная деятельность регионов Сибирского Федерального округа (1999-2003 гг.)  |e статистический сборник  |f Томская область, Комитет государственной статистики (Томскстат) ; под ред. С. В. Касинского 
210 |a Томск  |c Томскоблкомстат  |d 2004 
215 |a 148 с. 
610 1 |a экономика 
610 1 |a статистика 
610 1 |a статистические материалы 
610 1 |a Сибирь 
610 1 |a регионы 
610 1 |a наука 
610 1 |a научная деятельность 
610 1 |a инновации 
610 1 |a инновационная деятельность 
686 |a У9(2Р5)-05  |v LBC/SL-A  |2 rubbk 
702 1 |a Касинский  |b С. В.  |4 340 
712 0 1 |a Томская область  |b Комитет государственной статистики (Томскстат)  |2 stltpush  |3 (RuTPU)RU\TPU\col\372 
801 1 |a RU  |b 63413507  |c 20041222  |g PSBO 
801 2 |a RU  |b 63413507  |c 20120709  |g PSBO 
942 |c BK 
959 |a 178/20041222  |d 1  |e 420  |f ЧЗСИО:1